| 000 | 01004nam a2200253 i 4500 | ||
|---|---|---|---|
| 001 | 180975 | ||
| 003 | ES-MaACL | ||
| 005 | 20251011063157.0 | ||
| 008 | 120921s2011 sp abo |||| | spa d | ||
| 020 | _a978-84-938546-1-4 | ||
| 080 | _a725.18.036(460.12) | ||
| 080 | _a355.48(460.12)"1936/39" | ||
| 100 | 1 |
_aHuerta Nuño, Manuel Antonio, _d1976- _9151431 |
|
| 245 | 1 | 4 |
_aLos vigilantes silenciosos _b: las construcciones de la Guerra Civil en Asturias / _cManuel Antonio Huerta Nuño. |
| 260 |
_aGrado (Asturias) : _bLa Cruz de Grado, _c2011. |
||
| 300 |
_a217 p. : _bil. col. y n., fot., mapas ; _c22 x 22 cm. |
||
| 504 | _aBibliografía: p. 193-195. | ||
| 650 | 7 |
_aArquitectura militar- _zAsturias (Comunidad Autónoma) _9151432 |
|
| 651 | 7 |
_aAsturias (Comunidad Autónoma)- _xHistoria militar- _y1936-1939. _9151433 |
|
| 852 |
_aES-MaACL _jA-12198 _9187856 _bR.147171 _cDEPO1 _dOlim: N-5203 |
||
| 942 |
_2udc _cMONOGRAFIA |
||
| 999 |
_c180975 _d180975 |
||